000 00331nam a2200145 a 4500
005 20140412111240.0
008 020409s19uu xx 00 eng d
050 _aFil 959.9
_bH78 1991
100 _aHatherly, Sheila
245 _aPhilippines /.
260 _c1991.
300 _a45p
650 _aPhilippines
999 _c102697
_d102697